Data mining : (Registro nro. 240014)

Detalles MARC
000 -LEADER
fixed length control field 01504nam a2200433Ii 4500
001 - CONTROL NUMBER
control field DIGRILEDIT0304
003 - CONTROL NUMBER IDENTIFIER
control field NyNyDIG
006 - FIXED-LENGTH DATA ELEMENTS--ADDITIONAL MATERIAL CHARACTERISTICS
fixed length control field m o d
007 - PHYSICAL DESCRIPTION FIXED FIELD--GENERAL INFORMATION
fixed length control field cr |||||||||||
008 - FIXED-LENGTH DATA ELEMENTS--GENERAL INFORMATION
fixed length control field 170127t20122009cl a o 000 0 spa d
020 ## - INTERNATIONAL STANDARD BOOK NUMBER
International Standard Book Number 1449284450
Qualifying information (eBook)
020 ## - INTERNATIONAL STANDARD BOOK NUMBER
International Standard Book Number 9781449284459
Qualifying information (eBook)
020 ## - INTERNATIONAL STANDARD BOOK NUMBER
Canceled/invalid ISBN 956284711X
020 ## - INTERNATIONAL STANDARD BOOK NUMBER
Canceled/invalid ISBN 9789562847117
035 ## - SYSTEM CONTROL NUMBER
System control number (OCoLC)970408179
040 ## - CATALOGING SOURCE
Original cataloging agency DGITA
Language of cataloging eng
Description conventions rda
-- pn
Transcribing agency DGITA
050 14 - LIBRARY OF CONGRESS CALL NUMBER
Classification number HF5415.125 ebook
082 04 - DEWEY DECIMAL CLASSIFICATION NUMBER
Classification number 658.8002856312
100 1# - MAIN ENTRY--PERSONAL NAME
Personal name Palma, Claudio
Fuller form of name (Palma Heredia),
Relator term author.
245 10 - TITLE STATEMENT
Title Data mining :
Remainder of title el arte de anticipar /
Statement of responsibility, etc. Claudio Palma, Wilfredo Palma, Ricardo Pérez.
264 #1 - PRODUCTION, PUBLICATION, DISTRIBUTION, MANUFACTURE, AND COPYRIGHT NOTICE
Place of production, publication, distribution, manufacture Providencia, Santiago de Chile :
Name of producer, publisher, distributor, manufacturer RiL editores,
Date of production, publication, distribution, manufacture, or copyright notice [2012]
264 #4 - PRODUCTION, PUBLICATION, DISTRIBUTION, MANUFACTURE, AND COPYRIGHT NOTICE
Date of production, publication, distribution, manufacture, or copyright notice ©2009
300 ## - PHYSICAL DESCRIPTION
Extent 1 online resource :
Other physical details color illustrations.
336 ## - CONTENT TYPE
Content type term text
Content type code txt
Source rdacontent
337 ## - MEDIA TYPE
Media type term computer
Media type code c
Source rdamedia
338 ## - CARRIER TYPE
Carrier type term online resource
Carrier type code cr
Source rdacarrier
500 ## - GENERAL NOTE
General note "Bibliodiversidad."
588 0# - SOURCE OF DESCRIPTION NOTE
Source of description note Online resource; title from PDF title page (Digitalia, viewed January 27, 2017)
650 #0 - SUBJECT ADDED ENTRY--TOPICAL TERM
Topical term or geographic name entry element Business
General subdivision Data processing.
650 #0 - SUBJECT ADDED ENTRY--TOPICAL TERM
Topical term or geographic name entry element Data mining.
655 #0 - INDEX TERM--GENRE/FORM
Genre/form data or focus term Electronic books.
700 1# - ADDED ENTRY--PERSONAL NAME
Personal name Palma, Wilfredo,
Dates associated with a name 1963-
Relator term author.
700 1# - ADDED ENTRY--PERSONAL NAME
Personal name Pérez, Ricardo,
Relator term author.
791 2# -
-- Digitalia (Firm),
-- distributor.
793 0# -
-- Digitalia eBook Collection:
-- Ril Editores
856 40 - ELECTRONIC LOCATION AND ACCESS
Materials specified Digitalia Hispánica
Uniform Resource Identifier <a href="https://www.digitaliapublishing.com/a/29784/">https://www.digitaliapublishing.com/a/29784/</a>
910 ## - USER-OPTION DATA (OCLC)
User-option data Premium collection: 2017
942 ## - ADDED ENTRY ELEMENTS (KOHA)
Koha item type Recurso Electrónico
Existencias
Withdrawn status Lost status Damaged status Not for loan Collection Home library Current library Date acquired Total checkouts Date last seen Price effective from Koha item type
        Digitalia Ebooks Hispanica Biblioteca Digital UIN Biblioteca Digital UIN 04/25/2025   04/25/2025 04/25/2025 Recurso Electrónico

CONTACTO


NOSOTROS


SITIOS DE INTERES

coordinacion.biblioteca.biblioteca@unienlinea.mx Misión, Visión y Objetivos Bases de datos
Directorio Bibliotecas Digitales y Repositorios
Normatividad Revistas y artículos
Convenios interbibliotecarios
Boletines



Hecho en México. Universidad Insurgentes (UIN). Todos los derechos reservados 2024. Esta página y sus contenidos pueden ser reproducidos con fines no lucrativos, siempre y cuando no se mutile, se cite la fuente completa y su dirección electrónicas. De otra forma requiere permiso previo por escrito de la institución




2024 Copyright Universidad Insurgentes | www.bibliouin.com.mx